| 000 | 01963nam0a2200385 4500 | ||
|---|---|---|---|
| 001 | RU\NLR\BIBL_A\022694145 | ||
| 005 | 20260122160059.0 | ||
| 010 |
_a978-5-9268-4804-2 _93000 |
||
| 021 |
_aRU _bКН-П-25-068825 _9КН-П-25-6666 |
||
| 035 | _a(NLR Aleph) 022694145 | ||
| 090 |
_a13536203 _c13536203 |
||
| 100 | _a20251223d2025 u y0rusy50 ca | ||
| 101 | 0 |
_arus _afre |
|
| 102 | _aRU | ||
| 105 | _aa z 000gy | ||
| 181 | 0 |
_ai3 _baxxe |
|
| 181 | 0 |
_ab1 _bxb2e |
|
| 182 | 0 | _an | |
| 200 | 1 |
_aЕвгений Онегин _eроман в стихах _fА. С. Пушкин _gхудожник: Н. В. Кузьмин _gпримеч. и коммент. Б. В. Томашевского |
|
| 203 |
_aТекст _aИзображение _bвизуальные _cнепосредственные |
||
| 210 |
_aСанкт-Петербург _aМосква _cРечь _d2025 |
||
| 215 |
_a348, [3] с. _cил., цв. ил. _d17 |
||
| 225 | 1 | _aМалая Классика Речи | |
| 300 | _aЧасть текста фр. | ||
| 311 | _aНа обороте тит. с.: Печ. по изд.: Полное собрание сочинений : в 10 т. – Т. 5 : Евгений Онегин. Драматические произведения / Пушкин А. С. – Ленинград : Наука, 1978 | ||
| 333 | _a12+ | ||
| 451 | 0 |
_12001#$aПолное собрание сочинений$eв 10 т.$fПушкин А. С.$hТ. 5$iЕвгений Онегин. Драматические произведения _1210##$aЛенинград$cНаука$d1978 |
|
| 686 | 2 | _aШ6(2=Р)51-5 | |
| 700 | 1 |
_aПушкин _bА. С. _cпоэт _f1799-1837 _gАлександр Сергеевич _3RU\NLR\AUTH\77386 |
|
| 702 | 1 |
_aКузьмин _bН. В. _cхудожник _f1890-1987 _gНиколай Васильевич _3RU\NLR\AUTH\7755943 _4440 |
|
| 942 | _cBOOK | ||
| 980 | _aNB | ||